El peregrino en la senda del sol / (Record no. 141366)

MARC details
000 -LEADER
campo de control de longitud fija 00502nam a2200169 i 4500
001 - NÚMERO DE CONTROL
campo de control 141366
003 - IDENTIFICADOR DE NÚMERO DE CONTROL
campo de control ES-MaACL
005 - FECHA Y HORA DE LA ÚLTIMA TRANSACCIÓN
campo de control 20230906200259.0
007 - CAMPO FIJO DE DESCRIPCIÓN FÍSICA--INFORMACIÓN GENERAL
campo de control de longitud fija t|
008 - DATOS DE LONGITUD FIJA--INFORMACIÓN GENERAL
campo de control de longitud fija 070921s1950 sp ||||1| spa d
100 1# - ENTRADA PRINCIPAL--NOMBRE DE PERSONA
Nombre de persona Villaronga, Luis.
9 (RLIN) 115130
245 13 - MENCIÓN DEL TÍTULO
Título El peregrino en la senda del sol /
Mención de responsabilidad, etc. Luis Villaronga.
260 ## - PUBLICACIÓN, DISTRIBUCIÓN, ETC.
Lugar de publicación, distribución, etc. San Juan (Puerto Rico) :
Nombre del editor, distribuidor, etc. [s.n.,
Fecha de publicación, distribución, etc. 1950] (
Fabricante Imp. Venezuela)
300 ## - DESCRIPCIÓN FÍSICA
Extensión 96 p. ;
Dimensiones 20 cm.
852 ## - LOCALIZACIÓN
Ubicación ES-MaACL
Número de control de estantería D-6116
Sublocalización o colección R.31349
852 ## - LOCALIZACIÓN
Ubicación ES-MaACL
Número de control de estantería C-7870
Sublocalización o colección R.35769
Holdings
Estatus retirado Estado de pérdida Estado de daño No para préstamo Biblioteca de origen Biblioteca actual Ubicación en estantería Fecha de adquisición Fuente de adquisición Total de préstamos Signatura topográfica completa Código de barras Visto por última vez Precio de reemplazo Tipo de ítem Koha
        Biblioteca del Ateneo de Madrid Biblioteca del Ateneo de Madrid Sala Palomar 17/01/2008     C-7870 1147094 23/02/2023 23/02/2023 Libro impreso
        Biblioteca del Ateneo de Madrid Biblioteca del Ateneo de Madrid Sala Valle Inclán 17/01/2008     D-6116 901147093 23/02/2023 23/02/2023 Libro impreso